Normal view
MARC view
Entry Personal Name
001 - CONTROL NUMBER
- control field: 15425
003 - CONTROL NUMBER IDENTIFIER
- control field: BD-RjUL
005 - DATE AND TIME OF LATEST TRANSACTION
- control field: 20250507162449.0
008 - FIXED-LENGTH DATA ELEMENTS
- fixed length control field: 250507|| aca||aabn | a|a d
040 ## - CATALOGING SOURCE
- Original cataloging agency: BD-RjUL
- Transcribing agency: BD-RjUL
100 ## - HEADING--PERSONAL NAME
- Personal name: محى الدىن، مخدوم ;; Muḥīuddīn, Mak̲h̲dūm,
- Dates associated with a name: 1908-1969
670 ## - SOURCE DATA FOUND
- Source citation: Work cat.: (BD-RjUL)84904: محى الدىن، مخدوم ;; Muḥīuddīn, Mak̲h̲dūm, 1908-1969., بساط رقص ;; Bisāt̤-i raqṣ /, 1976.